banner koha

Structure, diversity, and spatial patterns in a permanent plot of a high Restinga forest in Southeastern Brazil (Registro n. 216446)

MARC details
000 -LÍDER
campo de controle de tamanho fixo 01193nas a2200349 4500
001 - NÚMERO DE CONTROLE
campo de controle BR2011000254
003 - IDENTIFICADOR DO NÚMERO DE CONTROLE
campo de controle BR-BrBNA
005 - DATA E HORÁRIO DA ÚLTIMA TRANSAÇÃO
campo de controle 20231205115942.0
007 - CAMPO FIXO DE DESCRIÇÃO FÍSICA--INFORMAÇÃO GERAL
campo de controle de tamanho fixo ta
008 - CAMPO DE DADOS FIXOS--INFORMAÇÃO GERAL
campo de controle de tamanho fixo 230509b bl.|||p| |||| 00| 00por d
040 ## - FONTE DA CATALOGAÇÃO
Instituição da catalogação original BR-BrBNA
Idioma da catalogação por
Instituição que transcreveu o registro Biblioteca Nacional de Agricultura
041 ## - CÓDIGO DE IDIOMA
Código do idioma do texto/trilha sonora ou título diferente (En)
072 ## - CÓDIGO DE CATEGORIA DE ASSUNTO
Código de Categoria de Assunto F70; K10
100 1# - ENTRADA PRINCIPAL--NOME PESSOAL
Nome pessoal Lima, R.A.F. de
100 1# - ENTRADA PRINCIPAL--NOME PESSOAL
Nome pessoal Oliveira, A.A. de
100 1# - ENTRADA PRINCIPAL--NOME PESSOAL
Nome pessoal Martini, A.M.Z.
100 1# - ENTRADA PRINCIPAL--NOME PESSOAL
Nome pessoal Sampaio, D.
100 1# - ENTRADA PRINCIPAL--NOME PESSOAL
Nome pessoal Souza, V.C.
100 1# - ENTRADA PRINCIPAL--NOME PESSOAL
Nome pessoal Rodrigues, R.R.
245 1# - TÍTULO
Título Structure, diversity, and spatial patterns in a permanent plot of a high Restinga forest in Southeastern Brazil
246 1# - FORMA VARIANTE DO TÍTULO
Título/título abreviado Structure, diversity, and spatial patterns in a permanent plot of a high Restinga forest in Southeastern Brazil
650 ## - ASSUNTO--TERMO TÓPICO
Cabeçalho tópico ou nome geográfico FLORESTA
650 ## - ASSUNTO--TERMO TÓPICO
Cabeçalho tópico ou nome geográfico RESTINGA
650 ## - ASSUNTO--TERMO TÓPICO
Cabeçalho tópico ou nome geográfico VEGETAÇÃO
650 ## - ASSUNTO--TERMO TÓPICO
Cabeçalho tópico ou nome geográfico ÁRVORE
650 ## - ASSUNTO--TERMO TÓPICO
Cabeçalho tópico ou nome geográfico ESPÉCIE
650 ## - ASSUNTO--TERMO TÓPICO
Cabeçalho tópico ou nome geográfico INVENTÁRIO FLORESTAL
773 0# - ENTRADA ANALÍTICA
Título Acta Botanica Brasilica (Brazil)
ISSN - International Standard Serial Number ISSN 0102-3306
Partes relacionadas (Jul-Sep 2011), v. 25(3) p. 633-645
Número de controle do registro BR2011000254
856 4# - LOCALIZAÇÃO ELETRÔNICA E ACESSO
Uniform Resource Identifier <a href="http://www.scielo.br/pdf/abb/v25n3/17.pdf">http://www.scielo.br/pdf/abb/v25n3/17.pdf</a>
Texto de ligação Recurso eletrônico (PDF)
909 ## -
-- 202311
-- Lúcia
-- 55
-- Lúcia Elande
942 ## - ELEMENTOS DE ENTRADA ADICIONADOS (KOHA)
Fonte da classificação ou esquema de arquivamento na estante Classificação AGRIS
Ocultar no OPAC Não
Tipo de material Koha Analítica
Exemplares
Situação do descarte Fonte da classificação ou esquema de arquivamento na estante Situação física Não pode ser emprestado Biblioteca de origem Biblioteca atual Localização na estante Enumeração do periódico / cronologia Total de empréstimos Data de último acesso Número do exemplar Tipo de material Koha Fonte de aquisição
  Classificação AGRIS   Consulta local Biblioteca Nacional de Agricultura - Binagri Biblioteca Nacional de Agricultura - Binagri   (Jul-Sep 2011), v. 25(3) p. 633-645   29/11/2023 01 Periódicos Portaria Interministerial nº 164/94

BINAGRI

Telefone: (61)3218-2567/2388/3357/2097 - binagri@agro.gov.br

Ministério da Agricultura e Pecuária , Esplanada dos Ministérios, Bloco D, Anexo B, Brasília/DF, CEP: 70.043-900